|
|
|
|
| LEADER |
00000ny a22000003n 4500 |
| 005 |
20110623172136.0 |
| 008 |
041222s2004 pe b 000 0 spa |
| 010 |
|
|
|a 2005372923
|
| 020 |
|
|
|a 9789972733680
|
| 035 |
|
|
|a 4876
|
| 040 |
|
|
|a DLC
|c DLC
|d vLex
|
| 090 |
|
|
|c 1085
|d 1085
|
| 100 |
1 |
|
|a Cairo Roldǹ, Omar,
|d 1971-
|
| 245 |
1 |
0 |
|a Justicia constitucional y proceso de amparo
|h [Recurso electrn̤ico]
|c Omar Cairo Roldǹ
|
| 256 |
|
|
|6 Servicio en ln̕ea
|
| 260 |
|
|
|a Lima :
|b Palestra Editores,
|c 2004
|
| 300 |
|
|
|a v.
|
| 506 |
1 |
|
|a Contenido solo disponible en los productos indicados
|d vLex Global
|d vLex Global (Academic Edition, excluding Law Schools)
|d vLex Global (U.S. Academic Edition, Law Schools)
|d vLex Global (U.S. Academic Edition, excluding Law Schools)
|d vLex Global (Academic Edition, Law Schools)
|
| 650 |
0 |
4 |
|a Derecho constitucional
|z Per︢
|
| 740 |
0 |
|
|a vLex Libros (Servicios en ln̕ea)
|
| 856 |
4 |
0 |
|u http://vlex.com/source/4876
|z Acceso restringido
|
| 942 |
|
|
|c BOOK
|
| 999 |
|
0 |
|a Amparo (Writ)
|z Peru.
|
| 999 |
|
0 |
|a Constitutional courts
|z Peru.
|
| 999 |
|
0 |
|a Judicial review
|z Peru.
|